France Groupe - 98 World Cup - Statistiques

Statistiques générales
  • Ce quiz a été pris 2 449 fois
  • Le résultat moyen est 16 sur 22
Statistiques - réponses
Hint Réponse % Correct
Zinedine Zidane
98%
Fabien Barthez
96%
Thierry Henry
93%
Laurent Blanc
92%
Didier Deschamps
90%
Emmanuel Petit
89%
Lilian Thuram
89%
Bixente Lizarazu
87%
David Trezeguet
84%
Marcel Desailly
81%
Youri Djorkaeff
78%
Bernard Lama
76%
Christophe Dugarry
71%
Stéphane Guivarch
71%
Franck Leboeuf
70%
Patrick Vieira
65%
Christian Karembeu
63%
Robert Pirès
59%
Lionel Charbonnier
53%
Bernard Diomède
49%
Vincent Candela
48%
Alain Boghossian
38%
Aucun quiz correspondant
Distribution des résultats
% des personnes avec chaque résultat
Percentile par nombre de réponses
Votre historique - résultats
Vous n’avez pas pris ce quiz